Countries Bordering the Indian Ocean Empty Map Quiz - Statistics

General Stats
  • This quiz has been taken 1,688 times
  • The average score is 32 of 36
Answers on the Map
Answers color-coded by a green-red scale on the quiz's map according to % correct below.
 
Answer Stats
Countries % Correct
India
99%
Oman
98%
Madagascar
97%
Pakistan
97%
Saudi Arabia
97%
Sri Lanka
97%
Yemen
97%
Somalia
96%
United Arab Emirates
96%
Australia
95%
Bangladesh
95%
Indonesia
95%
Iran
95%
Myanmar
94%
Qatar
94%
South Africa
94%
Thailand
94%
Egypt
93%
Kenya
92%
Malaysia
92%
Kuwait
91%
Mozambique
91%
Tanzania
91%
Sudan
90%
Eritrea
89%
Iraq
89%
Bahrain
87%
Djibouti
87%
Maldives
82%
Seychelles
82%
Comoros
81%
Mauritius
81%
Singapore
81%
Timor-Leste
78%
Jordan
64%
Israel
62%
No matching quizzes found
Score Distribution
Percent of People with Each Score
Percentile by Number Answered
Your Score History
You have not taken this quiz